| 000 | 00601nam a22001817a 4500 | ||
|---|---|---|---|
| 003 | BD-DhUL | ||
| 005 | 20180524112853.0 | ||
| 008 | 180524s1971 ii ||||| |||| 00| 0 ben d | ||
| 040 |
_aBD-DhUL _cBD-DhUL |
||
| 082 |
_a891.443 _bSAA |
||
| 100 | 1 | _aবসু, সমরেশ | |
| 245 | 1 | 0 |
_aঅবচেতন / _cসমরেশ বসু |
| 260 |
_aকলিকাতা : _bআনন্দ পাবলিশার্স, _c১৯৭১ |
||
| 300 |
_a ৯৯ পৃ. ; _c২১ সেমি. |
||
| 650 | 4 | _aবাংলা উপন্যাস | |
| 650 | 4 | _aBengali fiction | |
| 942 |
_2ddc _cBK |
||
| 999 |
_c241562 _d241562 |
||